| 000 | 00802nam a22002177a 4500 | ||
|---|---|---|---|
| 999 |
_c7590 _d7590 |
||
| 003 | AR-CdUCM | ||
| 008 | 190320b ||||| |||| 00| 0 spa d | ||
| 040 |
_aMUNICIPALIDAD PROVINCIAL DEL CUSCO _cBIBLIOTECA MUNICIPAL DEL CUSCO |
||
| 082 |
_a512.6 / _bV84 |
||
| 100 |
_aVolkovyski, L. I. _921431 |
||
| 245 | _aProblemas sobre la teoría de funciones de variable compleja / | ||
| 260 |
_aMoscu : _bMir Moscu, _c1972. |
||
| 300 |
_a324 páginas ; _c22 cm. |
||
| 505 | _aNúmeros complejos y funciones de variables complejas -- Transformaciones conformes relacionadas con funciones elementales -- Integrales y series de potencias ... | ||
| 650 |
_aVariables _96327 |
||
| 650 |
_aFunciones _920052 |
||
| 650 |
_aNúmeros _921432 |
||
| 700 |
_aLunts, G. L. _921433 |
||
| 942 |
_2ddc _cLIBROS |
||
| 945 | _aacv | ||